000 00950nam a2200121Ia 4500
008 220615s9999||||xx |||||||||||||| ||und||
100 _aBattocchio, Chiara
245 0 _aAdvanced Synchrotron Radiation Techniques for Nanostructured Materials
546 _aEnglish[eng]
650 _abinding energies||electrochemical impedance spectroscopy||laser heating||crystallization kinetics||Ge(001)-2||supercapacitor materials||in situ X-ray photoelectron spectroscopy||thermal expansion||XPS||self-assembling peptides||multilayers||magnetic annealing||metallic glasses||synchrotron radiation||micro-mesoporous carbon electrode||nuclear forward scattering||NEXAFS||synchrotron radiation induced spectroscopies||bioactive materials||nanostructures||thin films||cyclic voltammetry||room temperature ionic liquids||titanium alloy||synchrotron pump-probe powder scattering||thermal conductivity
856 _uhttps://mdpi.com/books/pdfview/book/1759
942 _cEB
999 _c10994
_d10994